On This Day: September 26th Quiz Stats

 Plays Quiz Updated Sep 26, 2017

Challenge
Share
Tweet
Embed
Score 0/7 Timer 03:00
1 Play Today
Question Answer Wrong Answers
This scientist publishes his first paper on the special theory of relativity.
1905
Albert Einstein
89.5%
Nikola Tesla
1.7%
Thomas Edison
4.4%
Niels Bohr
0.9%
In Chicago, the first televised presidential debate takes place between candidates John F. Kennedy and ______.
1960
Richard Nixon
76.8%
Adlai Stevenson II
5.4%
Dwight D. Eisenhower
5.2%
Barry Goldwater
8.7%
This baseball player sets a Major League record by throwing his fifth no-hitter.
1981
Nolan Ryan
71.1%
Tom Seaver
10.5%
Steve Carlton
7.4%
Bob Gibson
7%
The city council of Amsterdam votes to support William of Orange's invasion of England, which becomes the ______ Revolution.
1687
Glorious
64.3%
Remarkable
2%
Grand
15.8%
Noble
16.8%
This man is appointed as the first United States Secretary of State.
1789
Thomas Jefferson
63.4%
John Marshall
13.5%
James Madison
18.8%
Robert Smith
2.3%
This English sea captain finishes his circumnavigation of the Earth.
1580
Francis Drake
57.6%
Walter Raleigh
9%
John Hawkins
1.7%
Ferdinand Magellan
31.6%
This British poet and playwright, a Nobel Prize laureate known for his contributions to the Modernist movement, is born.
1888
T. S. Eliot
54.3%
Ernest Hemingway
11.4%
Walt Whitman
13.1%
William Wordsworth
18.2%

You're not logged in!

Compare scores with friends on all Sporcle quizzes.
OR
Log In

You Might Also Like...

Show Comments

Extras

Top Quizzes Today


Score Distribution

Your Account Isn't Verified!

In order to create a playlist on Sporcle, you need to verify the email address you used during registration. Go to your Sporcle Settings to finish the process.

Report this User

Report this user for behavior that violates our Community Guidelines.

Details: